Nomeie os países do Oriente Médio e depois as capitais - Statistics

Estatísticas Gerais
  • Esse quiz foi jogado 255 vezes
  • A pontuação média é 25 de 34
Estatísticas das Respostas
Resposta % Correto
Irão
98%
Arábia Saudita
95%
Iraque
95%
Israel
95%
Síria
94%
Catar
92%
Líbano
91%
Iêmen
88%
Kuwait
87%
Omã
87%
Bahrein
86%
Emirados Árabes Unidos
86%
Jordânia
86%
Jerusalém
84%
Turquia
84%
Egito
81%
Beirute
77%
Damasco
77%
Riade
76%
Teerã
76%
Bagdá
74%
Doha
74%
Cairo
73%
Abu Dhabi
70%
Ancara
66%
Chipre
66%
Palestina
66%
Amã
55%
Saná
46%
Mascate
45%
Nicósia
45%
Manama
43%
Cidade do Kuwait
35%
Ramallah
23%
Nenhum quiz correspondente encontrado
Distribuição das Pontuações
Porcentagem de Pessoas com Cada Pontuação
Percentil de Números Respondidos
Sua Pontuação Histórica
Você não jogou esse quiz